statistieken voor Oceanische Hoofdsteden op een Kaart

Klik hier om de quiz te nemen!

Generale statistieken

  • Deze quiz is al 50 keer genomen
  • De gemiddelde score is 11 of 14

Antwoord statistieken

Answer % Correct
Wellington
100%
Canberra
100%
Port Moresby
92%
Suva
77%
Port Vila
74%
Ngerulmud
72%
Majuro
72%
Palikir
69%
Zuid-Tarawa
69%
Funafuti
69%
Honiara
69%
Yaren
67%
Apia
67%
Nuku'alofa
64%

Score Distributie

Percentiel op hoeveel beantwoord

Procent van mensen met elke score

Uw Scoregeschiedenis

U hebt deze quiz nog niet genomen